| 000 | 00378nam a2200121Ia 4500 | ||
|---|---|---|---|
| 008 | 200626s9999 xx 000 0 und d | ||
| 020 | _a971-23-1335-2 | ||
| 100 | _aPiñon, Fr. Manuel T. | ||
| 245 |
_cFr. Manuel T. Piñon.-- _aFundamental logic/ |
||
| 260 |
_aQuezon City: _bRex Book Store, Inc. _c1973 |
||
| 300 | _axiv, 324 pages | ||
| 500 | _aIncludes Appendix, and Bibliography | ||
| 999 |
_c363914 _d363914 |
||